Statistics for NBA All-Stars By Letter - C

Click here to take the quiz!

General Stats

  • This quiz has been taken 481 times
    (404 since last reset)
  • The average score is 10 of 26

Answer Stats

PlayersSelectionsLastTeams% Correct
Stephen Curry102024Warriors
95%
Austin Carr11974Cavaliers
89%
Wilt Chamberlain131973Warriors, 76ers, Lakers
87%
Vince Carter72007Raptors, Nets
83%
Bob Cousy131963Celtics
80%
DeMarcus Cousins42018Kings, Pelicans
75%
Mike Conley12021Jazz
63%
Dave Cowens81980Celtics
54%
Sam Cassell12004Timberwolves
52%
Tyson Chandler12013Knicks
50%
Maurice Cheeks4198876ers
40%
Billy Cunningham4197276ers
38%
Tom Chambers41991SuperSonics, Suns
36%
Derrick Coleman11994Nets
24%
Jack Coleman11955Royals
24%
Cedric Ceballos11995Lakers
22%
Terry Cummings21989Bucks
19%
Doug Collins4197976ers
17%
Archie Clark21972Lakers, Bullets
15%
Bill Cartwright11980Knicks
14%
Joe Barry Carroll11987Warriors
10%
Phil Chenier31977Bullets
9%
Joe Caldwell21970Hawks
7%
Larry Costello6196576ers
5%
Nathaniel Clifton11957Knicks
1%
Len Chappell11964Knicks
0%

Score Distribution

Percentile by Number Answered

Percent of People with Each Score

Your Score History

You have not taken this quiz since the last reset